Geologie von Bayern in zwei theilen, (Record no. 24603)
[ view plain ]
| 000 -LEADER | |
|---|---|
| fixed length control field | 00955cam a22002531 4500 |
| 001 - CONTROL NUMBER | |
| control field | gs 07000648 |
| 003 - CONTROL NUMBER IDENTIFIER | |
| control field | DLC |
| 005 - DATE AND TIME OF LATEST TRANSACTION | |
| control field | 20260227111306.0 |
| 008 - FIXED-LENGTH DATA ELEMENTS--GENERAL INFORMATION | |
| fixed length control field | 800603s1894 gw ab b 000 0 ger c |
| 010 ## - LIBRARY OF CONGRESS CONTROL NUMBER | |
| LC control number | gs 07000648 |
| 035 ## - SYSTEM CONTROL NUMBER | |
| System control number | (OCoLC)6383228 |
| 040 ## - CATALOGING SOURCE | |
| Original cataloging agency | Library, U.S. Geological Survey |
| Transcribing agency | TxCM |
| Modifying agency | DLC |
| 042 ## - AUTHENTICATION CODE | |
| Authentication code | premarc |
| 050 00 - LIBRARY OF CONGRESS CALL NUMBER | |
| Classification number | QE269 |
| Item number | .G93 |
| 100 1# - MAIN ENTRY--PERSONAL NAME | |
| Personal name | Gümbel, Karl Wilhelm, |
| Titles and words associated with a name | ritter von, |
| Dates associated with a name | 1823-1898. |
| 245 10 - TITLE STATEMENT | |
| Title | Geologie von Bayern in zwei theilen, |
| Statement of responsibility, etc. | von dr. K. Wilhelm von Gümbel ... |
| 260 ## - PUBLICATION, DISTRIBUTION, ETC. | |
| Place of publication, distribution, etc. | Cassel, |
| Name of publisher, distributor, etc. | T. Fischer, |
| Date of publication, distribution, etc. | 1894. |
| 300 ## - PHYSICAL DESCRIPTION | |
| Extent | 2 v. |
| Other physical details | illus., fold. map, diagrs. |
| Dimensions | 25 cm. |
| 500 ## - GENERAL NOTE | |
| General note | Vol. 1 has special t.-p: Geologie von Bayern. Erster theil: Grundzüge der geologie ... Kassel, 1888. |
| 500 ## - GENERAL NOTE | |
| General note | Vol. 2 issued in 14 parts. |
| 504 ## - BIBLIOGRAPHY, ETC. NOTE | |
| Bibliography, etc. note | Literaturnachweise: v. 1, p. [1064]-1087. |
| 504 ## - BIBLIOGRAPHY, ETC. NOTE | |
| Bibliography, etc. note | I. bd. Allgemeine geologie.--II. bd. Geologische beschreibung von bayern. |
| 650 #0 - SUBJECT ADDED ENTRY--TOPICAL TERM | |
| Topical term or geographic name entry element | Geology |
| Geographic subdivision | Germany |
| -- | Bavaria. |
No items available.